000
00303nam a2200121Ia 4500
008
230907s9999||||xx |||||||||||||| ||und||
082
_a
681.2,SUT
100
_a
Sutko, Al.
_9
115251
245
0
_a
Industrial instrumentation /
260
_a
Delmar,
_b
Albany :
_c
1996
300
_a
x, 335 p. :
942
_c
BK
999
_c
597952
_d
597952